000 00488nam a22001577a 4500
003 OSt
005 20151102103349.0
008 151102b xxu||||| |||| 00| 0 eng d
040 _cRUA
082 _aFOR ស៊ូ 1993 B118 Or.1
100 _93174
_aស៊ូ សុន្ទរ៉ា
245 _aបទល្មើសព្រៃឈើនៅកម្ពុជា និង វិធានការ
260 _aPhnom Penh
_bRUA
_c1993
300 _a68p.
_bill.
_c29cm.
942 _2ddc
_cFOR
999 _c2962
_d2962